[Event "NRW-ch U12"]
[Site "Kranenburg"]
[Date "2009.04.14"]
[Round "3"]
[White "Ruehl, Andreas"]
[Black "Gleske, Andreas"]
[Result "1-0"]
[WhiteElo "1398"]
[BlackElo "1295"]
[PlyCount "120"]
[EventDate "2009.04.13"]
[EventType "swiss"]
[EventRounds "7"]
[EventCountry "GER"]
[SourceTitle "EXT 2010"]
[Source "ChessBase"]
[SourceDate "2010.11.25"]
[SourceVersion "1"]
[SourceVersionDate "2010.11.25"]
[SourceQuality "1"]

1. e4 e5 2. Nf3 Nc6 3. Bc4 Be7 4. c3 Nf6 5. d3 0-0 6. 0-0 d6 7. Nbd2 Be6 8. Bxe6 fxe6 9. Qb3 Qc8 10. Re1 Na5 11. Qd1 c5 12. Nf1 h6 13. Ng3 c4 14. d4 exd4 15. cxd4 Rd8 16. Qe2 Nd7 17. Bd2 b6 18. Rac1 e5 19. d5 Qa6 20. Nf5 Bf8 21. b4 Nb7 22. Qxc4 Qxc4 23. Rxc4 Rac8 24. Rec1 Rxc4 25. Rxc4 Nf6 26. Ng3 a5 27. Be3 b5 28. Rc7 Rb8 29. Ba7 Ne8 30. Bxb8 Nxc7 31. Bxc7 axb4 32. Nf5 Kf7 33. Nd2 g6 34. Ne3 Kf6 35. Nb3 h5 36. Nc2 Nc5 37. Nxc5 dxc5 38. d6 Ke6 39. Kf1 Bxd6 40. Bxd6 Kxd6 41. Ke2 Kc6 42. h4 Kb6 43. g3 Ka5 44. f4 exf4 45. gxf4 c4 46. Kd2 Ka4 47. Kc1 b3 48. axb3+ Kxb3 49. e5 Ka4 50. e6 b4 51. Nxb4 Kxb4 52. e7 Kc5 53. e8Q Kd4 54. Kc2 Kd5 55. Qe5+ Kc6 56. Kc3 Kb6 57. Kxc4 Kb7 58. Qd6 Ka8 59. Qd7 g5 60. Kb5 gxh4 1-0